01832agaaa2200301 45000010005000000030009000050050017000140070009000310080040000400400023000800410013001031000053001161300040001692450129002092500022003382600126003603000034004865080037005205200440005575380016009975460013010136500097010267000071011237000065011949420012012599990019012719520240012902236IT-RoPAU20220918181300.0d cvaizq50131s9999||||xx ||| | || ||und|| aIT-RoPAUcIT-RoPAU aITALIANO aZavoli SergiogCodice regista SPICS: 3364952937 aVIAGGIO NEL SUD-4. IL LAVORO952938 aVIAGGIO NEL SUD-4. IL LAVOROcDiretto da: Zavoli SergiopVIAGGIO NEL SUD-4. IL LAVORO (Rif. Codice opera principale : B2236) aEdizione Standard aROMA (ITALIA)bRAI - RADIO TELEVISIONE ITALIANA / Distribuzione: RAI UNOg"1992 (1° ed.: 1992 ; Ed. Lingua Orig.: 1992)" aVHSbsonoro, col.c160 minuti a"Montaggio: Carminati Daniele; " aSERGIO ZAVOLI CI PORTA NEL VIVO DELLA SPINOSA QUESTIONE DELL'INDUSTRIALIZZAZIONE DEL MEZZOGIORNO DAGLI ANNI '70 IN POI. SI PARTE DALLA CHIUSURA DELLEZOLFARE PER APPRODARE AD UNA PUNTUALE ANALISI DELLE OCCASIONI MANCATE SULLA VIA DI UNA MODERNA SOCIETA' MERIDIONALE: CANTIERI MAI COMPLETATI O ENTRATI IN FUNZIONE E SUBITO CHIUSI UN ESERCITO DI FORZA LAVORO SENZA LAVORO NE' IDENTITA' SOCIALE, L'EMIGRAZIONE AL NORD COME ULTIMA SPIAGGIA. aPAL, STEREO aITALIANO aINCHIESTAeTV-PROG. DIDATTICO/CULTURALI-DOCUMENTARI [VHS]xCodice MATERIA SPICS: 9962952939 aDell'Aquila Enzo e(soggetto)gCodice Soggetto SPICS: 37638952940 aZavoli Sergio e(regista)gCodice regista SPICS: 3364952941 cVH2ddc c107636d107636 0010406B_2236_00000000000000071aSPICSbSPICSd2015-01-31l0oB2236r2015-01-31 00:00:00w2015-01-31yVHzProgr. Ins.: 141 / N.Vol.:1 / Copie: 1 / Pag.:0 / Copia rara: n.d. / date import: 1.2.2015 / By Epidotti, Trombetti, Vaglietti